000 00883nam a22001817a 4500
999 _c59219
_d59219
003 Ge_BSU
005 20221215112133.0
008 221215s1968ge xxu||||| |||| 00| 0 geo d
041 _ageo
080 _a82.05 : 821.353.1.09 კ-22
100 _aკანდელაკი, ნიკოლოზ, ავტ.
_916423
245 _aქართული მჭევრმეტყველება /
_cნიკოლოზ კანდელაკი ; [შ. ძიძიგურის წინასიტყვ.].
264 _aთბილისი :
_bსაბჭოთა საქართველო,
_c1968.
300 _a654 გვ. ;
_b22 სმ.
653 _aქართული მჭევრმეტყველება.
700 _aძიძიგური, შ
_e წინასიტყვაობის ავტორი
_916424
942 _2udc
_cBK